20 Random national flags - Statistics

General Stats
  • This quiz has been taken 245 times
  • The average score is 15 of 20
Answer Stats
Picture Answer % Correct
Russia
97%
Lebanon
89%
Chile
88%
Japan
87%
Estonia
85%
Egypt
84%
Kazakhstan
84%
United States
82%
Somalia
77%
Botswana
75%
Ecuador
75%
Uruguay
75%
Sri Lanka
73%
Czechia
72%
Kiribati
66%
Palau
65%
Oman
63%
Namibia
61%
Nauru
59%
Comoros
52%
No matching quizzes found
Score Distribution
Percent of People with Each Score
Percentile by Number Answered
Your Score History
You have not taken this quiz